UM Logo

We the people... (Record no. 19188)

MARC details
000 -LEADER
fixed length control field 00540nam a2200145 4500
008 - FIXED-LENGTH DATA ELEMENTS--GENERAL INFORMATION
fixed length control field 240216b ||||| |||| 00| 0 eng d
020 ## - INTERNATIONAL STANDARD BOOK NUMBER
International Standard Book Number 898181267
082 ## - DEWEY DECIMAL CLASSIFICATION NUMBER
Classification number DC 320.73
Item number C33 1992
245 ## - TITLE STATEMENT
Title We the people...
Statement of responsibility, etc. Directed by the Center for Civic Education.
260 ## - PUBLICATION, DISTRIBUTION, ETC. (IMPRINT)
Place of publication, distribution, etc. Calabasas, CA :
Name of publisher, distributor, etc. Center for Civic Education,
Date of publication, distribution, etc. ©1992.
300 ## - PHYSICAL DESCRIPTION
Extent vii, 164 pages :
Other physical details illustrations ;
Dimensions 28 cm.
500 ## - GENERAL NOTE
General note Includes glossary, bibliographical references and index.
650 ## - SUBJECT ADDED ENTRY--TOPICAL TERM
Geographic subdivision United States
General subdivision Politics and government.
9 (RLIN) 52602
942 ## - ADDED ENTRY ELEMENTS (KOHA)
Source of classification or shelving scheme Dewey Decimal Classification
Koha item type Circulation
Holdings
Withdrawn status Lost status Source of classification or shelving scheme Damaged status Not for loan Collection code Home library Current library Date acquired Source of acquisition Total Checkouts Full call number Barcode Date last seen Copy number Price effective from Koha item type
    Dewey Decimal Classification     Circulation UM Digos College - LIC UM Digos College - LIC 08/27/2003 Donation   DC 320.73 C33 1992 15679 05/15/2025 1 02/16/2024 Circulation
    Dewey Decimal Classification     Circulation UM Digos College - LIC UM Digos College - LIC 08/27/2003 Donation   DC 320.73 C33 1992 15680 05/15/2025 1 02/16/2024 Circulation
    Dewey Decimal Classification     Circulation UM Digos College - LIC UM Digos College - LIC 08/27/2003 Donation   DC 320.73 C33 1992 15681 05/15/2025 1 02/16/2024 Circulation